Discover the Egyptian Museum (Record no. 12356)
[ view plain ]
| 000 -LEADER | |
|---|---|
| fixed length control field | 00711nam a22001937a 4500 |
| 008 - FIXED-LENGTH DATA ELEMENTS--GENERAL INFORMATION | |
| fixed length control field | 090713t xxu||||| |||| 00| 0 eng d |
| 082 ## - DEWEY DECIMAL CLASSIFICATION NUMBER | |
| Classification number | 932 |
| Item number | EGY |
| Edition number | 22 |
| 110 1# - MAIN ENTRY--CORPORATE NAME | |
| Corporate name or jurisdiction name as entry element | Business Magazine & Multimedia. |
| 9 (RLIN) | 8007 |
| 245 00 - TITLE STATEMENT | |
| Title | Discover the Egyptian Museum |
| Medium | [videorecording] / |
| Statement of responsibility, etc | Business Magazine & Multimedia. |
| 260 ## - | |
| -- | [Egypt] : |
| -- | Business Magazine & Multimedia, [2000?] |
| -- | [2000?] |
| 300 ## - PHYSICAL DESCRIPTION | |
| Extent | 1 videodisc : |
| Other physical details | sd., col. ; |
| Dimensions | 4 3/4 in. |
| 336 ## - CONTENT TYPE | |
| Source | rdacontent |
| Content type term | text |
| Content type code | txt |
| 337 ## - MEDIA TYPE | |
| Media type term | unmediated |
| Source | rdamedia |
| Media type code | n |
| 338 ## - CARRIER TYPE | |
| Carrier type term | volume |
| Carrier type code | nc |
| Source | rdacarrier |
| 610 ## - SUBJECT ADDED ENTRY--CORPORATE NAME | |
| 9 (RLIN) | 14222 |
| Corporate name or jurisdiction name as entry element | Egyptian Museum |
| 650 #0 - SUBJECT ADDED ENTRY--TOPICAL TERM | |
| Topical term or geographic name as entry element | Egypt |
| 9 (RLIN) | 8009 |
| General subdivision | Antiquities. |
| 650 #0 - SUBJECT ADDED ENTRY--TOPICAL TERM | |
| Topical term or geographic name as entry element | Egypt |
| 9 (RLIN) | 8010 |
| General subdivision | Civilization. |
| 942 ## - ADDED ENTRY ELEMENTS (KOHA) | |
| Source of classification or shelving scheme | Dewey Decimal Classification |
| Koha item type | CD | DVD - Documentary (NB) |
| Classification part | RDA-MOD |
| Withdrawn status | Lost status | Source of classification or shelving scheme | Damaged status | Not for loan | Home library | Current library | Shelving location | Date acquired | Source of acquisition | Total Checkouts | Full call number | Barcode | Date last seen | Date checked out | Price effective from | Koha item type | Public note |
|---|---|---|---|---|---|---|---|---|---|---|---|---|---|---|---|---|---|
| Dewey Decimal Classification | Central Library | Central Library | Second Floor | 14/07/2009 | Purchase | 1 | 932 EGY | 000017480 | 24/08/2022 | 26/07/2009 | 14/07/2009 | CD | DVD - Documentary (NB) | Only One CD. | ||||
| Dewey Decimal Classification | Central Library | Central Library | Second Floor | 25/09/2011 | Purchase | 2 | 932 EGY | 000024881 | 24/08/2022 | 30/09/2014 | 25/09/2011 | CD | DVD - Documentary (NB) |